000 00267nam a2200097Ia 4500
082 _a968.751 CAPE
245 0 _aThe Cape journal : Willowmore
100 _a WESTBY-NUNN, Tony Cape Town, 2009
_981796
942 _cBK
008 210817s9999 xx 000 0 und d
999 _c322604
_d322603